|
|
|
|
| LEADER |
00000cam a2200000 i 4500 |
| 001 |
1/95340 |
| 008 |
081014s1953 gre d |
| 035 |
|
|
|l 10100851
|
| 040 |
|
|
|a GR-MY-UA
|b gre
|e aacr
|
| 041 |
0 |
|
|a gre
|
| 082 |
0 |
|
|a 889.
|2 (22)
|
| 100 |
1 |
|
|a Πάλλης, Αλέξανδρος Α.,
|d 1851-1935.
|
| 245 |
1 |
0 |
|a Ξενητεμένοι Έλληνες :
|b αυτοβιογραφικό χρονικό /
|c Α. Α. Πάλλη
|
| 260 |
|
|
|a Αθήνα :
|b Αετός,
|c 1953
|
| 300 |
|
|
|a 229 σ.;
|c 22 εκ.
|
| 504 |
|
|
|a Περιλαμβάνει ευρετήριο
|
| 650 |
0 |
0 |
|a Autobiography.
|
| 650 |
0 |
0 |
|a Biography as a literary form.
|
| 852 |
|
|
|a INST
|b RHODES
|c AKA
|e 20081014
|h 808.8035 ΠΑΛ
|p 005400031047
|q 005400031047
|t BK
|y 0
|
| 901 |
|
|
|a BIBL4-2008-3
|
| 909 |
|
|
|a Ρ
|b 153230
|
| 970 |
|
|
|a ΚΟΖΑ
|b ΜΑΡΙΑ
|z 2008/10/14
|